[Event "Kouty nad Desnou op-B"]
[Site "Kouty nad Desnou"]
[Date "2014.03.08"]
[Round "1"]
[White "Prochazka, Pavel"]
[Black "Chovan, Matous"]
[Result "1/2-1/2"]
[WhiteElo "1750"]
[BlackElo "1317"]
[PlyCount "129"]
[EventDate "2014.03.08"]
[EventType "swiss"]
[EventRounds "9"]
[EventCountry "CZE"]
[SourceTitle "EXT 2015"]
[Source "ChessBase"]
[SourceDate "2014.11.20"]
[SourceVersion "1"]
[SourceVersionDate "2014.11.20"]
[SourceQuality "1"]

1. e4 e5 2. Nc3 Nc6 3. Bc4 Nf6 4. Nge2 Bc5 5. 0-0 0-0 6. d3 d6 7. a3 Bg4 8. h3 Bh5 9. Bg5 Nd4 10. g4 Bxg4 11. Bxf6 Nxe2+ 12. Nxe2 Bxe2 13. Qxe2 Qxf6 14. Qg4 Rad8 15. Kg2 c6 16. Bb3 d5 17. exd5 cxd5 18. c3 Rd6 19. Rad1 d4 20. Qf3 Qg5+ 21. Kh2 Rh6 22. Rg1 Qf4+ 23. Qxf4 exf4 24. Rg5 Bb6 25. Rd2 dxc3 26. bxc3 f3 27. Rb2 Bc7+ 28. Kg1 Rxh3 29. Bd5 b6 30. Rb4 h6 31. Rgg4 Re8 32. Rbe4 Re5 33. c4 Kf8 34. Rgf4 Rg5+ 35. Rg4 Rxg4+ 36. Rxg4 Bh2+ 37. Kf1 Bd6 38. a4 Rh1+ 39. Rg1 Rxg1+ 40. Kxg1 Ke7 41. d4 f5 42. Bxf3 g5 43. Kg2 Kf6 44. Bc6 h5 45. f3 g4 46. Bd7 Kg5 47. fxg4 hxg4 48. Kf2 f4 49. Bc6 Kh4 50. Kg2 g3 51. Bf3 Kg5 52. Kh3 Kf6 53. Kg4 Ke6 54. Bg2 Kd7 55. Kf5 Kc7 56. Ke6 a6 57. Kd5 Bb4 58. Ke4 Bd2 59. Kd5 b5 60. cxb5 axb5 61. axb5 Kb6 62. Kc4 Be1 63. Bc6 Bf2 64. Bg2 Be3 65. Bf3 1/2-1/2

[Event "Tabor op"]
[Site "Tabor"]
[Date "2013.08.02"]
[Round "7"]
[White "Outrata, Hynek"]
[Black "Prochazka, Pavel"]
[Result "0-1"]
[WhiteElo "1499"]
[BlackElo "1767"]
[PlyCount "78"]
[EventDate "2013.07.28"]
[EventType "swiss"]
[EventRounds "9"]
[EventCountry "CZE"]
[SourceTitle "CBM 155 Extra"]
[Source "ChessBase"]
[SourceDate "2013.08.26"]
[SourceVersion "1"]
[SourceVersionDate "2013.08.26"]
[SourceQuality "1"]

1. e4 e5 2. Nf3 Nc6 3. Bc4 Nf6 4. Nc3 Bc5 5. d3 h6 6. Nd5 d6 7. h3 a6 8. Be3 Nxd5 9. Bxd5 Nd4 10. Nxd4 exd4 11. Bf4 Qf6 12. Bd2 c6 13. Bb3 a5 14. a3 a4 15. Ba2 b5 16. Qe2 Bd7 17. c3 Rb8 18. Rb1 Qg6 19. Qf3 0-0 20. 0-0 Kh7 21. Kh1 f5 22. Rbe1 Rbe8 23. Qg3 Qxg3 24. fxg3 fxe4 25. Bf7 Rb8 26. Rxe4 Be8 27. Ref4 Rxf7 28. Rxf7 Bxf7 29. Rxf7 Re8 30. Rf1 Re2 31. Rd1 dxc3 32. Bxc3 Bf2 33. Kh2 h5 34. Rd2 Rxd2 35. Bxd2 Bd4 36. Bc3 Bxc3 37. bxc3 c5 38. Kg1 b4 39. cxb4 cxb4 0-1